[Event "Belgrade-chT2 Quality"]
[Site "Belgrade"]
[Date "2022.11.13"]
[Round "11.6"]
[White "Lazarevic, Goran"]
[Black "Djurovac, Zeljko"]
[Result "1-0"]
[WhiteElo "1918"]
[BlackElo "1973"]
[PlyCount "95"]
[EventDate "2022.10.15"]
[EventType "team-tourn"]
[EventRounds "13"]
[EventCountry "SRB"]
[SourceTitle "EXT 2024"]
[Source "ChessBase"]
[SourceDate "2023.10.10"]
[SourceVersion "1"]
[SourceVersionDate "2023.10.10"]
[SourceQuality "1"]
[WhiteTeam "Sremcica"]
[BlackTeam "Lazarevac Kolubara"]
[WhiteTeamCountry "SRB"]
[BlackTeamCountry "SRB"]

1. e4 c6 2. d4 d5 3. exd5 cxd5 4. Bd3 Nc6 5. c3 Nf6 6. h3 e6 7. Nf3 Bd6 8. 0-0 Qc7 9. Re1 Bf4 10. Nbd2 0-0 11. Nf1 Bxc1 12. Rxc1 Rb8 13. Ng3 b5 14. Qd2 Re8 15. Qe2 Qb6 16. Nf5 Bd7 17. N5h4 Rec8 18. g4 g6 19. Qd2 Kg7 20. Ne5 Be8 21. Nhf3 Nd7 22. g5 Ndxe5 23. Nxe5 Nxe5 24. Rxe5 b4 25. h4 bxc3 26. bxc3 a5 27. h5 Qd8 28. hxg6 hxg6 29. Qf4 Bc6 30. Kg2 Qe7 31. Re3 Rh8 32. Qe5+ f6 33. Qxe6 Qxe6 34. Rxe6 Be8 35. Rxf6 Rh5 36. f4 Rb2+ 37. Rc2 Rb1 38. Re2 Rb8 39. Re7+ Kg8 40. Rxe8+ Rxe8 41. Bxg6 Re2+ 42. Kf3 Rhh2 43. Bf7+ Kh7 44. Bxd5 Rc2 45. Ke4 Rxc3 46. Kf5 Rd3 47. Rf7+ Kh8 48. Kg6 1-0

[Event "Belgrade-chT2 Quality"]
[Site "Belgrade"]
[Date "2022.10.23"]
[Round "4.6"]
[White "Lazarevic, Goran"]
[Black "Milin, Sava"]
[Result "1/2-1/2"]
[WhiteElo "1918"]
[BlackElo "1838"]
[PlyCount "74"]
[EventDate "2022.10.15"]
[EventType "team-tourn"]
[EventRounds "13"]
[EventCountry "SRB"]
[SourceTitle "EXT 2024"]
[Source "ChessBase"]
[SourceDate "2023.10.10"]
[SourceVersion "1"]
[SourceVersionDate "2023.10.10"]
[SourceQuality "1"]
[WhiteTeam "Sremcica"]
[BlackTeam "Belgrade Bogoslov"]
[WhiteTeamCountry "SRB"]
[BlackTeamCountry "SRB"]

1. e4 c6 2. d4 d5 3. exd5 cxd5 4. Bd3 Nf6 5. Nf3 Bg4 6. Nbd2 Nc6 7. c3 e6 8. Qa4 Bxf3 9. Nxf3 Qa5 10. Qxa5 Nxa5 11. Ne5 Nc6 12. f4 a6 13. 0-0 g6 14. Bd2 Bg7 15. Rae1 0-0 16. h3 h5 17. g3 Rac8 18. Kh2 Rc7 19. Rg1 Ne7 20. g4 hxg4 21. hxg4 Nd7 22. f5 Nxe5 23. dxe5 exf5 24. gxf5 gxf5 25. Bh6 Ng6 26. Bxg7 Kxg7 27. Bxf5 Re7 28. Rg3 Rh8+ 29. Kg2 Rh5 30. Bxg6 fxg6 31. e6 Rf5 32. Rge3 Kf6 33. Kg3 b5 34. Kg4 g5 35. Rh1 Rf4+ 36. Kg3 Kf5 37. Rd1 Rg4+ 1/2-1/2

[Event "Belgrade-chT2 Quality"]
[Site "Belgrade"]
[Date "2022.10.22"]
[Round "3.6"]
[White "Veselinovic, Luka"]
[Black "Lazarevic, Goran"]
[Result "1-0"]
[WhiteElo "1569"]
[BlackElo "1918"]
[PlyCount "44"]
[EventDate "2022.10.15"]
[EventType "team-tourn"]
[EventRounds "13"]
[EventCountry "SRB"]
[SourceTitle "EXT 2024"]
[Source "ChessBase"]
[SourceDate "2023.10.10"]
[SourceVersion "1"]
[SourceVersionDate "2023.10.10"]
[SourceQuality "1"]
[WhiteTeam "Batajnica"]
[BlackTeam "Sremcica"]
[WhiteTeamCountry "SRB"]
[BlackTeamCountry "SRB"]

1. e4 c5 2. Nf3 d6 3. d4 cxd4 4. Nxd4 Nf6 5. f3 g6 6. c4 Bg7 7. Nc3 0-0 8. Be3 Nc6 9. Qd2 Re8 10. Be2 Bd7 11. 0-0 a6 12. a3 Rc8 13. Rfc1 Ne5 14. Nd5 Bc6 15. Nxc6 Rxc6 16. Rc2 Qb8 17. Rac1 e6 18. Nb4 Rcc8 19. c5 dxc5 20. Rxc5 Ned7 21. R5c2 Red8 22. Nd3 Ne8 1-0

[Event "Belgrade-chT Quality"]
[Site "Belgrade"]
[Date "2021.11.06"]
[Round "7.5"]
[White "Stojkovic, Nenad P"]
[Black "Lazarevic, Goran"]
[Result "1-0"]
[WhiteElo "2071"]
[BlackElo "1935"]
[PlyCount "105"]
[EventDate "2021.10.16"]
[EventType "team-tourn"]
[EventRounds "11"]
[EventCountry "SRB"]
[SourceTitle "EXT 2023"]
[Source "ChessBase"]
[SourceDate "2022.10.05"]
[SourceVersion "1"]
[SourceVersionDate "2022.10.05"]
[SourceQuality "1"]
[WhiteTeam "Belgrade Banjica"]
[BlackTeam "Belgrade Sremcica"]
[WhiteTeamCountry "SRB"]
[BlackTeamCountry "SRB"]

1. d4 Nf6 2. g3 d5 3. Bg2 g6 4. Nf3 Bg7 5. 0-0 0-0 6. c4 c6 7. Nc3 Nbd7 8. b3 Re8 9. Bb2 Nb6 10. Ne5 e6 11. Qd3 Nfd7 12. f4 f5 13. Rab1 Nf6 14. c5 Nbd7 15. b4 Nxe5 16. fxe5 Ne4 17. a4 Bh6 18. Bc1 Bxc1 19. Rbxc1 Nxc3 20. Rxc3 Bd7 21. Rb3 Rf8 22. Qd2 Rf7 23. g4 Qh4 24. gxf5 exf5 25. Rh3 Qe7 26. Rg3 Kh8 27. b5 Rg8 28. bxc6 Bxc6 29. Qh6 Qf8 30. Qf4 Qe7 31. Qh6 Qf8 32. Qd2 Qe7 33. a5 a6 34. Rgf3 Qe6 35. Qh6 Qe7 36. Re3 Qe6 37. Kh1 Bb5 38. Rf2 Bc6 39. Bh3 Bd7 40. Ref3 Qe7 41. Rb3 Bc6 42. Bg2 Qc7 43. Re3 Re8 44. Qf4 Kg7 45. Rg3 Qxa5 46. h4 Re6 47. h5 Qe1+ 48. Kh2 a5 49. Bh3 Kh8 50. Rfg2 Qb1 51. hxg6 hxg6 52. Qh6+ Kg8 53. Rxg6+ 1-0

[Event "Belgrade-chT Quality"]
[Site "Belgrade"]
[Date "2015.10.11"]
[Round "4"]
[White "Lazarevic, Goran"]
[Black "Skare, Goran"]
[Result "0-1"]
[WhiteElo "2000"]
[BlackElo "2250"]
[PlyCount "84"]
[EventDate "2015.10.03"]
[EventType "team-tourn"]
[EventRounds "11"]
[EventCountry "SRB"]
[SourceTitle "EXT 2018"]
[Source "ChessBase"]
[SourceDate "2017.10.13"]
[SourceVersion "1"]
[SourceVersionDate "2017.10.13"]
[SourceQuality "1"]

1. e4 e6 2. d4 d5 3. Nc3 Bb4 4. a3 Bxc3+ 5. bxc3 Ne7 6. Bd3 c5 7. exd5 exd5 8. Bb5+ Nbc6 9. Ne2 cxd4 10. Bxc6+ Nxc6 11. cxd4 0-0 12. 0-0 Bg4 13. f3 Bf5 14. c3 Na5 15. Ng3 Qd7 16. Re1 b6 17. Nxf5 Qxf5 18. Re5 Qd7 19. Ra2 f6 20. Re1 Rfe8 21. Rae2 Kf7 22. f4 g6 23. Qd3 Nc4 24. Qf3 Rxe2 25. Rxe2 Re8 26. g4 Rxe2 27. Qxe2 Qe6 28. Kf2 f5 29. Qxe6+ Kxe6 30. h3 Nd6 31. Kf3 Ne4 32. Bb2 Kd7 33. h4 Nd2+ 34. Kg3 h5 35. gxh5 gxh5 36. Kf2 Kc6 37. Ke2 Nc4 38. Bc1 Kb5 39. Kd3 Ka4 40. Kc2 b5 41. Kd3 Kb3 42. Bd2 Nxa3 0-1